| 000 | 00360nam a2200157Ia 4500 | ||
|---|---|---|---|
| 999 |
_c2729 _d2729 |
||
| 003 | OSt | ||
| 005 | 20191001164327.0 | ||
| 008 | 190902s9999||||xx |||||||||||||| ||und|| | ||
| 020 | _a978-0136010166 | ||
| 040 | _cmaju | ||
| 100 | _aSamuel C.Certo | ||
| 245 | 0 | _aMedern Management | |
| 260 |
_aIndia _bThe McGraw-Hill _c640 |
||
| 300 | _a1997 | ||
| 942 |
_cBK _2ddc |
||